Environmental Pollution Control Engineering / (Record no. 9766)
[ view plain ]
| 000 -LEADER | |
|---|---|
| fixed length control field | 00358cam a2200133ua 4500 |
| 020 ## - INTERNATIONAL STANDARD BOOK NUMBER | |
| ISBN | 81-224-0301-8 |
| 082 ## - DEWEY DECIMAL CLASSIFICATION NUMBER | |
| Classification number | 628.168 |
| Item number | RAO/EN |
| 100 ## - MAIN ENTRY--AUTHOR NAME | |
| Personal name | Rao, C S . |
| 245 ## - TITLE STATEMENT | |
| Title | Environmental Pollution Control Engineering / |
| 250 ## - EDITION STATEMENT | |
| Edition statement | 1 / |
| 260 ## - PUBLICATION, DISTRIBUTION, ETC. (IMPRINT) | |
| Place of publication | New Delhi : |
| Name of publisher | New Age International (P) Limited, Publishers |
| Year of publication | 2005 |
| 300 ## - PHYSICAL DESCRIPTION | |
| Number of Pages | 431 ; . |
| 942 ## - ADDED ENTRY ELEMENTS (KOHA) | |
| Koha item type | Books |
| Withdrawn status | Lost status | Damaged status | Home library | Current library | Date acquired | Full call number | Accession Number | Koha item type | Collection code | Shelving location | Source of acquisition | Cost, normal purchase price |
|---|---|---|---|---|---|---|---|---|---|---|---|---|
| KAUAET | KAUAET | 07/04/2012 | 628.168 | 18017 | Books | |||||||
| KAUAET | KAUAET | 03/09/2016 | 628.168 RAO/EN | BB 35 | Book Bank scheme for SC students | Scheme | Cosmo Books, Thrissur. | 210.00 | ||||
| KAUAET | KAUAET | 03/09/2016 | 628.168 RAO/EN | BB 36 | Book Bank scheme for SC students | Scheme | Cosmo Books, Thrissur. | 210.00 |
